000 01404nam a22002177a 4500
005 20240910083150.0
008 230721b ||||| |||| 00| 0 eng d
040 _cSSBUL
_dSSBUL
082 _223
_a၉၅၉.၄ အုန်း
_b၁၆၀၀၀ (S-SAT)
100 0 _aအုန်းသွင်၊ ချောင်းဆုံ
_917501
245 1 _aလာအိုနိုင်ငံရေးအပြောင်းအလဲများနှင့် မီးလျှံကြားမှကမ္ဘောဒီးယား /
_cချောင်းဆုံအုန်းသွင်။
260 _aရန်ကုန်၊
_bမြစာပေပေ
_c၁၉၇၆။
300 _a၃၂၀ စာမျက်နှာ၊
_bဓာတ်ပုံများ၊
_c၁၈ စင်တီ။
500 _aS-SAT: Sai Aung Tun.
504 _6အက္ခရာစဥ်အညွှန်းပါသည်။
650 _aလာအိုနိင်ငံ
_vနိုင်ငံရေးနှင့် အစိုးရ။
_928218
650 _aလာအိုနိင်ငံ
_vသမိုင်း။
_928219
650 _aကမ္ဘောဒီးယားနိုင်ငံ
_vနိုင်ငံရေးနှင့်အစိုးရ။
_928220
650 _aကမ္ဘောဒီးယားနိုင်ငံ
_vသမိုင်း။
_928221
942 _2ddc
_cBK1
999 _c27387
_d27387